000 00762nam a2200253 b 4500
001 Mimo0000513575
003 OSt
005 20140625105712.0
008 961007s2007 mex spa
020 _a978-987-615-002-6
040 _aSpMaBN
_bspa
_cBMC
_erdc
082 _a658.15
082 _a337
082 _a658.8
245 0 0 _aGestión de los negocios internacionales
_cautores, Liliana E. Gnazzo ... [et al.]
260 _aMéxico, D.F. [etc.]
_bPearson Educación
_c2007
300 _aXVI, 283 p.
_bgráf.
_c24 cm
594 _1Traducción de: International business
650 2 4 _aEmpresas
_95713
_xFinanzas
650 2 4 _aEconomía internacional
_95978
650 2 4 _aMarketing
_93991
700 1 _aGnazzo, Liliana E.
_920672
942 _2ddc
_cBK
999 _c11345
_d11345